al-Qawmīyah al-ʻArabīyah /
Main Author:
Format: Book
Language: Arabic
Published:
[Cairo] :
Dār al-Qalam,
1960.
Series:
Maktabah al-thaqāfīyah ;
27.
Subjects:
Tags: Add Tag
Call Number: DS38 .A287 1960
| LEADER | 01064nam a2200253Ia 4500 | ||
|---|---|---|---|
| 003 | OSt | ||
| 005 | 20230326081210.0 | ||
| 008 | 130303s1960 ua g 000 0 ara d | ||
| 952 | |0 0 |1 0 |2 lcc |4 0 |6 DS0038 A287 01960 |7 1 |9 45809 |a ARCE |b ARCE |d 2023-03-26 |l 0 |o DS38 .A287 1960 |p 1025665 |r 2023-03-26 00:00:00 |w 2023-03-26 |y BK | ||
| 999 | |c 28386 |d 28386 | ||
| 040 | |c ARCE Library | ||
| 043 | |a ma----- | ||
| 050 | 4 | |a DS38 .A287 1960 | |
| 100 | 1 | |6 880-01 |a Ahwānī, Aḥmad Fuʼād, |d -1970, |e author | |
| 245 | 1 | 3 | |6 880-02 |a al-Qawmīyah al-ʻArabīyah / |c Aḥmad Fuʼād al-Ahwāni. |
| 264 | 1 | |a [Cairo] : |b Dār al-Qalam, |c 1960. | |
| 300 | |a 123 pages ; |c 17 cm. | ||
| 490 | 1 | |a Maktabah al-thaqāfīyah ; |v 27. | |
| 650 | 0 | |a Nationalism |z Arab countries. | |
| 830 | 0 | |a Maktabah al-thaqāfīyah ; |v 27. | |
| 880 | 1 | |6 100-01/(3/r |a أهواني، أحمد فؤاد، |d -1970. | |
| 880 | 1 | 2 | |6 245-02/(3/r |a القومية العربية |c أحمد فؤاد الأهواني |
| 901 | |a reviewed | ||
| 942 | |c BK |2 lcc | ||
